000 00395nam a2200157 i 4500
001 36413
003 ES-MaACL
005 20230906155350.0
007 t|
008 030218s1931 fr ||||1| fre d
100 1 _aBourget, Paul (
_d1852-1935)
_930991
245 1 3 _aLa rechute /
_cPaul Bourget.
260 _aParis :
_bPlon,
_c1931.
300 _a280 p. ;
_c19 cm.
852 _aES-MaACL
_jB-12546
999 _c36413
_d36413